Junior Euromat 2000 : European Conference /

Gespeichert in:
Bibliographische Detailangaben
Format: Buch
Sprache:Englisch
Veröffentlicht: 2000
Schlagworte:
Tags: Tag hinzufügen
Keine Tags, Fügen Sie das erste Tag hinzu!

MARC

LEADER 00000nam a22000003a 4500
001 stu55103
005 20141122020545.1
008 000928s2000------------------------eng-d
040 |a STU  |b slo 
041 0 |a eng 
080 |a 62(082) 
245 |a Junior Euromat 2000 :  |b European Conference /  |c August 28-September 1, 2000 Lousane, Switzerland 
260 |c 2000 
300 |a 566 s 
650 7 |a technika  |2 stusub 
996 |b 284M028396  |c M*Z-1681  |l MMKN  |s A  |a 24  |w stu55103_0001 
996 |b 284M028397  |c M*Z-1689  |l MMKN  |s A  |a 24  |w stu55103_0002